01372nam a2200241Ia 450000100060000000300090000600800410001504000130005604000130006904100130008210000160009510000280011124500220013924500220016125000110018326000100019426000130020426000490021730000570026650007530032365000230107665000310109988671IT-RoPAU130308s9999 xx 000 0 und d aIT-RoPAU cIT-RoPAU aFRANCESE aThom Renè gCodice Aut. SPICS: 762 aApologie du logos bApologie Du Logos a1a ed. aPARIS bHachette c1990 [1° Ed.:1990 - Ed.Ling.Originale:1990] a"666 p. (prefazione: no ; testo: 666 [pagine: 0-0])" aApologia del Logos Semiologia morfologia del Semiotico strutture Cicliche in Semiotica Psichismo Animale e Umano Danza Come Semiurgia Arte Luogo di conflitto tra forme e forze Biologia teorie della morfogenesi Individuazione e Finalità Ambiguità della Complessità Struttura e Funzione nella Biologia Aristotelica Fisica e Matematiche Origine e Stabilità delle Simmetrie Filosofia della Singolarità reali e calcolo Differenziale Teoria delle Catastrofi Epistemologia ruolo e limite della Matematizzazione nelle Scienze classificazione delle Scienze e delle Tecniche Scientificità delle Scienze Umane Matematiche Moderne Attualità del Determinismo Metodo sperimentale Mito degli Epistemologi virtù e Pericoli dell'Interdisciplinarita' aSAGGI DI SEMANTICA eCodice materia Spics: 3307